000 00747cam a22002657a 4500
999 _c4901
_d4901
001 14454906
003 GZU
005 20210325091846.0
008 060717s2005 rh 000 0 nde
010 _a 2006318425
020 _a0869227920
040 _aDLC
_cDLC
_dDLC
041 0 _ande
_beng
042 _alcode
050 0 0 _aPL8842
100 1 _aSigogo, Ndabezinhle S.,
_d1932-
245 1 0 _aAmandla othando /
_cN.S. Sigogo.
260 _aGweru, Zimbabwe :
_bMambo Press,
_c2005.
300 _a99 p. ;
_c21 cm.
520 _aA novel.
546 _aIn Ndebele, with summary in English.
906 _a7
_bcbc
_corigode
_d4
_encip
_f20
_gy-gencatlg
942 _2lcc
_cBK
_h8842
_iSIG
_kPL
_m2005